000 00328nam a2200157Ia 4500
003 OSt
005 20240120123406.0
008 170524s9999 xx 000 0 und d
020 _a9780074603376.
040 _ciimtu
100 _aSidhewar N
245 0 _aMachine Drawing
260 _bTMH
260 _c2008
942 _2ddc
_c02
999 _c5557
_d5557